00262 a2200121 4500001000700000020000600007040001100013100003200024240003700056245003200093300000600125362000900131182825 a  cMagnum aSouza, Geraldo Eustaquio de10aMuito prazer em me conhecerlpor10aMuito prazer em me conhecer a 0 a1988